แสดงรายละเอียดบรรณานุกรม
  กลับหน้าหลัก

Brief Record : Get Marc (ISO 2709) : E-mail record : QR code ปิดหน้าต่าง
E-books : เกี่ยวกับ Collections
LEADER 00000nam 2200000uu 4500
001    211760
003     ULIBM
008    020711s2560 th a 000 0 tha d
020    9786164260375
041    ^atha
060  4 WY153 จ145ก 2560
100    จรรจา สันตยากร
245    การจัดการคุณภาพการบริการสุขภาพ :^bการประยุกต์แนวคิดแบบลีนทางการพยาบาล/^cจรรจา สันตยากร
250    พิมพ์ครั้งที่ 1
260    พิษณุโลก :^bโครงการตำราคณะพยาบาลศาสตร์ มหาวิทยาลัยนเรศวร,^c2560
300    198 หน้า :^bภาพประกอบ ;^c26 ซม.
650  4 การพยาบาล
650  4 ^aพยาบาล
650  4 ^aพยาบาล^xการประยุกต์แนวคิดแบบลีน
710 2  ^aมหาวิทยาลัยนเรศวร. โครงการตำราคณะพยาบาลศาสตร์
856    ^zการจัดการคุณภาพฯ ม.นเรศวร.pdf (สารบัญหนังสือ)^uhttp://110.164.94.213/ULIB62015//_fulltext/5/211760/20170919151444_69.pdf
999    ^aใช้งานได้ทุกระบบ
รายการนี้ยังไม่มีแท็ก
คุณยังไม่ได้ล็อกอิน คุณสามารถมีกิจกรรมร่วมกับเว็บไซต์ได้ แต่ต้องล็อกอินก่อน ::
  ล็อกอิน
ลำดับที่ ประเภท เลขเรียก สถานที่ สถานะ
1. หนังสือทั่วไป
หนังสือทั่วไป
WY153 จ145ก 2560  
  
การบริหารและพัฒนาวิชาชีพ On Shelf
  ขอยืม
   [แสดง 1/1 รายการ]

รายการใกล้เคียง
    หัวเรื่อง [การพยาบาล]
    หัวเรื่อง [พยาบาล]

BibComment


ยังไม่เคยถูกคอมเมนท์

คอมเมนท์ทรัพยากรรายการนี้
  คอมเมนท์: การจัดการคุณภาพกา..
Bib 211760

 
 
 

 Union Library Management : ULibM
Copyright 2026. All Rights Reserved.
скачать бесплатно без регистрации порно красивый секс HD Sex Hindi sex

xxx gou

xxxx

bfxxx

xxxwww

Секса Видео

xxxx

Секса Видео

detube

geilexxx

C99 Shell

worms shell

blod xxx video
Ebony Coed Rihanna Rimes Takes A Dick In Her Young Twat priyaa indian fuck anal and pusssy hardcore indian women xxx desi hardcore fucking part 1 bengalixxxcouple